000 00708naa a2200217 i 4500
001 75865
003 ES-MaBCM
005 20241016120317.0
008 010622s2001 fra 000 0 fre d
021 _axx
035 _a(OCoLC)1365138309
040 _cES-MaBCM
041 0 _afre
043 _afra
100 1 _aGoesel-Le Bihan, Valérie
_919106
245 1 0 _aLe contrôle exercé par le Conseil Constitutionnel
_b: défense et illustration d'une théorie générale
_cValerie Goesel-Le Bihan
650 2 7 _aConsejo Constitucional
_958051
651 4 _aFrancia
_9115364
773 0 _aEn:
_tRevue française de droit constitutionnel
_dParis : 2001
_w104805
_gnº 45, p. 67-83. - Loc. S.245
942 _cAREV
999 _c75865
_d75865